000 00407pam a2200121a 44500
008 230405s1998 xxu||||| |||| 00| 0 eng d
041 _aMAR
100 _aडॉ सौ मंदाकिनी प्रभाकर सगदेव
245 _aमाडखोलकरी कादंबरी
260 _aनागपूर
_bविजय प्रकाशन
_c1998
300 _a290
906 _a4202
999 _c295545
_d295545